| 000 | 01448cam a2200373 i 4500 | ||
|---|---|---|---|
| 001 | 15005282 | ||
| 003 | EG-ScBUE | ||
| 005 | 20250422114632.0 | ||
| 008 | 070913s2008 enka f b 001 0 eng d | ||
| 020 | _a9780521701471 (pbk. : alk. paper) | ||
| 020 | _a0521701473 (pbk. : alk. paper) | ||
| 035 | _a(OCoLC)ocn173182616 | ||
| 035 | _a(OCoLC)173182616 | ||
| 040 |
_aEG-ScBUE _beng _erda _cEG-ScBUE _dEG-ScBUE |
||
| 082 | 0 | 4 |
_a530.141 _222 _bFLE |
| 100 | 1 |
_aFleisch, Daniel A., _93552 _eauthor. |
|
| 245 | 1 | 2 |
_aA student's guide to maxwell's equations / _cDaniel Fleisch, Wittenberg University. |
| 246 | 3 | 0 | _aMaxwell's equations |
| 250 | _aFirst edition. | ||
| 250 | _aFourth printing. | ||
| 264 | 1 |
_aCambridge : _bCambridge University Press, _c2008. |
|
| 300 |
_aix, 134 pages : _billustrations ; _c23 cm |
||
| 336 |
_2rdacontent _atext _btxt |
||
| 337 |
_aunmediated _2rdamedia _bn |
||
| 338 |
_avolume _bnc _2rdacarrier |
||
| 500 | _aIncludes appendix. | ||
| 504 | _aIncludes bibliographical references and index. | ||
| 650 | 7 |
_aMaxwell equations. _93553 _2BUEsh |
|
| 655 | _vReading book | ||
| 856 | 4 | 1 |
_3Table of contents only _uhttp://www.loc.gov/catdir/enhancements/fy0803/2007037901-t.html |
| 856 | 4 | 2 |
_3Publisher description _uhttp://www.loc.gov/catdir/enhancements/fy0803/2007037901-d.html |
| 856 | 4 | 2 |
_3Contributor biographical information _uhttp://www.loc.gov/catdir/enhancements/fy0803/2007037901-b.html |
| 942 |
_2ddc _cBB |
||
| 999 |
_c11270 _d11270 |
||